|
|
|
|
| LEADER |
00000naa2a2200000 4500 |
| 001 |
635238 |
| 005 |
20231101133842.0 |
| 035 |
|
|
|a (RuTPU)RU\TPU\conf\37084
|
| 035 |
|
|
|a RU\TPU\conf\37081
|
| 090 |
|
|
|a 635238
|
| 100 |
|
|
|a 20221213d2022 k y0rusy50 ba
|
| 101 |
0 |
|
|a eng
|
| 102 |
|
|
|a RU
|
| 105 |
|
|
|a y z 101zy
|
| 135 |
|
|
|a drcn ---uucaa
|
| 181 |
|
0 |
|a i
|
| 182 |
|
0 |
|a b
|
| 200 |
1 |
|
|a Discovery of latent conference topics
|f А. В. Зайда, Я. А. Согуляк
|g науч. рук. Н. В. Аксёнова
|
| 203 |
|
|
|a Текст
|c электронный
|
| 230 |
|
|
|a 1 компьютерный файл (pdf; 725 Kb)
|
| 300 |
|
|
|a Заглавие с экрана
|
| 320 |
|
|
|a [Библиогр.: с. 26 (2 назв.)]
|
| 330 |
|
|
|a This study applies natural language processing methods to infer new information about past conferences. Specifically, normalization algorithms, latent semantic analysis and clustering analysis was used on titles of articles in an attempt to uncover similarities between them. Thus, new sections can be discovered for repeating conferences, or new metrics may be developed.
|
| 463 |
|
0 |
|0 (RuTPU)RU\TPU\conf\37056
|t Лингвистические и культурологические аспекты современного инженерного образования
|o сборник материалов III Международной научно-практической конференции, Томск, 10-12 ноября 2022 г.
|f Национальный исследовательский Томский политехнический университет (ТПУ); гл. ред. Ю. В. Кобенко
|v [С. 22-26]
|d 2022
|
| 610 |
1 |
|
|a электронный ресурс
|
| 610 |
1 |
|
|a труды учёных ТПУ
|
| 610 |
1 |
|
|a cluster analysis
|
| 610 |
1 |
|
|a normalization
|
| 610 |
1 |
|
|a dimensionality reduction
|
| 610 |
1 |
|
|a language processing
|
| 610 |
1 |
|
|a article similarity
|
| 610 |
1 |
|
|a кластерный анализ
|
| 610 |
1 |
|
|a нормализация
|
| 610 |
1 |
|
|a уменьшенная размерность
|
| 610 |
1 |
|
|a языковая обработка
|
| 610 |
1 |
|
|a сходство
|
| 610 |
1 |
|
|a статьи
|
| 700 |
|
1 |
|a Зайда
|b А. В.
|
| 701 |
|
1 |
|a Согуляк
|b Я. А.
|
| 702 |
|
1 |
|a Аксёнова
|b Н. В.
|c лингвист
|c доцент Томского политехнического университета, кандидат филологических наук
|f 1979-
|g Наталия Валерьевна
|2 stltpush
|4 727
|
| 712 |
0 |
2 |
|a Национальный исследовательский Томский политехнический университет
|b Школа базовой инженерной подготовки
|b Отделение иностранных языков
|h 8029
|2 stltpush
|3 (RuTPU)RU\TPU\col\23510
|
| 801 |
|
2 |
|a RU
|b 63413507
|c 20221222
|g RCR
|
| 856 |
4 |
|
|u http://earchive.tpu.ru/handle/11683/74220
|
| 942 |
|
|
|c BK
|